De la inoculación a la tisis / (Record no. 137192)

MARC details
000 -LEADER
campo de control de longitud fija 00553nam a2200181 4500
001 - NÚMERO DE CONTROL
campo de control 137192
003 - IDENTIFICADOR DE NÚMERO DE CONTROL
campo de control ES-MaACL
005 - FECHA Y HORA DE LA ÚLTIMA TRANSACCIÓN
campo de control 20230906195328.0
007 - CAMPO FIJO DE DESCRIPCIÓN FÍSICA--INFORMACIÓN GENERAL
campo de control de longitud fija t|
008 - DATOS DE LONGITUD FIJA--INFORMACIÓN GENERAL
campo de control de longitud fija 070214s1952 sp r ||||1| spa d
100 1# - ENTRADA PRINCIPAL--NOMBRE DE PERSONA
Nombre de persona Salvat Espasa, Manuel.
9 (RLIN) 102120
245 10 - MENCIÓN DEL TÍTULO
Título De la inoculación a la tisis /
Mención de responsabilidad, etc. Manuel Salvat Espasa ; prólogo de Ignacio Blajot Pena.
250 ## - MENCION DE EDICION
Mención de edición 1ª. ed.
260 ## - PUBLICACIÓN, DISTRIBUCIÓN, ETC.
Lugar de publicación, distribución, etc. Barcelona :
Nombre del editor, distribuidor, etc. Salvat,
Fecha de publicación, distribución, etc. 1952.
300 ## - DESCRIPCIÓN FÍSICA
Extensión XIV, 227 p. :
Otras características físicas il. ;
Dimensiones 26 cm.
700 1# - ENTRADA AGREGADA--NOMBRE PERSONAL
Nombre de persona Blajot Pena, Ignacio.
9 (RLIN) 29096
852 ## - LOCALIZACIÓN
Ubicación ES-MaACL
Número de control de estantería D-7331
Sublocalización o colección R.32145
Holdings
Estatus retirado Estado de pérdida Estado de daño No para préstamo Biblioteca de origen Biblioteca actual Ubicación en estantería Fecha de adquisición Fuente de adquisición Total de préstamos Signatura topográfica completa Código de barras Visto por última vez Precio de reemplazo Tipo de ítem Koha
        Biblioteca del Ateneo de Madrid Biblioteca del Ateneo de Madrid Sala Valle Inclán 17/01/2008     D-7331 901142770 23/02/2023 23/02/2023 Libro impreso